Internacionalizácia malých a stredných podnikov
Zabezpečenie potrebného objemu kapitálu na internacionalizáciu a získanie informácií o finančných mechanizmoch potrebných na financovanie medzinárodných aktivít pre malé a stredné podniky.
Na minha lista:
| Autor principal: | |
|---|---|
| Outros Autores: | , |
| Formato: | Capítulo de Livro |
| Idioma: | eslovaco |
| Assuntos: | |
| Tags: |
Sem tags, seja o primeiro a adicionar uma tag!
|
MARC
| LEADER | 00000naa$a2200000$$$4500 | ||
|---|---|---|---|
| 001 | 0181152 | ||
| 005 | 20240502073114.3 | ||
| 041 | 0 | |a slo | |
| 044 | |a SK | ||
| 245 | 1 | 0 | |a Internacionalizácia malých a stredných podnikov |c Elena Fetisovová, Eduard Hyránek, Ladislav Nagy |
| 520 | |a Zabezpečenie potrebného objemu kapitálu na internacionalizáciu a získanie informácií o finančných mechanizmoch potrebných na financovanie medzinárodných aktivít pre malé a stredné podniky. | ||
| 610 | 2 | 0 | |a podnik malý |
| 610 | 2 | 0 | |a podnik stredný |
| 610 | 2 | 0 | |a internacionalizácia |
| 610 | 2 | 0 | |a kooperácia |
| 610 | 2 | 0 | |a obstarávanie kapitálu |
| 610 | 2 | 0 | |a zdroje finančné |
| 100 | 1 | |a Fetisovová, Elena | |
| 700 | 1 | |a Hyránek, Eduard, 1955- | |
| 700 | 1 | |a Nagy, Ladislav | |